Every RuPaul's Drag Race Winner and Runner-Up - Statistics

General Stats
  • This quiz has been taken 3,617 times
    29 since last reset
  • The average score is 149 of 261
Answer Stats
Answer % Correct
US6 - 2ND Adore Delano
100%
US5 - 2ND Alaska
100%
US1 - WIN BeBe Zahara Benet
100%
US6 - WIN Bianca Del Rio
100%
US8 - WIN Bob The Drag Queen
100%
AS1 - WIN Chad Michaels
100%
US6 - 3RD Courtney Act
100%
US7 - 2ND Ginger Minj
100%
US5 - WIN Jinkx Monsoon
100%
US2 - 3RD Jujubee
100%
US3 - 2ND Manila Luzon
100%
US7 - 3RD Pearl
100%
US3 - WIN Raja
100%
US2 - 2ND Raven
100%
ES 2 - 1ST Sharonne
100%
US4 - WIN Sharon Needles
100%
US2 - WIN Tyra Sanchez
100%
US10 - WIN Aquaria
96%
US12 - WIN Jaida Essence Hall
96%
US13 - 2ND Kandy Muse
96%
US8 - 2ND Kim Chi
96%
US8 - 3RD Naomi Smalls
96%
US1 - 2ND Nina Flowers
96%
US4 - 3RD Phi Phi O'Hara
96%
US9 - WIN Sasha Velour
96%
US9 - 3RD Shea Couleé
96%
US13 - WIN Symone
96%
AS4 - WIN Trinity The Tuck / Taylor
96%
US7 - WIN Violet Chachki
96%
US11 - WIN Yvie Oddly
96%
US3 - 3RD Alexis Mateo
92%
US 15 - 2ND Anetra
92%
US 14 - 3RD Bosco
92%
AS2 - 2ND Detox
92%
US10 - 2ND Eureka
92%
US12 - 3RD Gigi Goode
92%
US13 - 3RD Gottmik
92%
AS 8 - WIN Jimbo
92%
AS2 - 3RD Katya
92%
AS4 - WIN Monét X Change
92%
US 17 - WIN Onya Nurve
92%
US13 - 3RD Rosé
92%
US5 - 3RD Roxxxy Andrews
92%
US 15 - WIN Sasha Colby
92%
US 14 - WIN Willow Pill
92%
GLOB 1 - WIN Alyssa Edwards
88%
US 14 - 3RD Angeria Paris VanMicheals
88%
US10 - 4TH Asia O'Hara
88%
US12 - 2ND Crystal Methyd
88%
US 14 - 3RD Daya Betty
88%
AS 10 - 2ND Jorgeous
88%
US10 - 3RD Kameron Michaels
88%
AS6 - WIN Kylie Sonique Love
88%
US 15 - 3RD Mistress Isabelle Brooks
88%
US 18 - WIN Myki Meeks
88%
US 18 - 2ND Nini Coco
88%
US 16 - WIN Nymphia Wind
88%
US9 - 2ND Peppermint
88%
AS3 - 3RD Shangela
88%
AS1 - 3RD Shannel
88%
US11 - 3RD Silky Nutmeg Ganache
88%
AS3 - WIN Trixie Mattel
88%
US11 - 3RD A'keria C. Davenport
84%
US11 - 2ND Brooke Lynn Hytes
84%
US 18 - 3RD Darlene Mitchell
84%
AS3 - 2ND Kennedy Davenport
84%
US 14 - 2ND Lady Camden
84%
US1 - 3RD Rebecca Glasscock
84%
US 16 - 2ND Sapphira Cristál
84%
UK 1 - WIN The Vivienne
84%
AS 10 - 5TH Aja
80%
UKVTW 1 - WIN Blu Hydrangea
80%
US 17 - 2ND Jewels Sparkles
80%
CAN VTW - WIN Lemon
80%
US 17 - 3RD Lexi Love
80%
US 15 - 3RD Luxx Noir London
80%
AS4 - 2ND Monique / Mo Heart
80%
US 16 - 3RD Plane Jane
80%
AS6 - 3RD Ra'Jah O'Hara
80%
US 17 - 3RD Sam Star
80%
AS 10 - 5TH Irene Dubois / The Alien
76%
UK 2 - WIN Lawrence Chaney
76%
AS5 - 3RD Miz Cracker
72%
CA1 - WIN Priyanka
72%
UK 4 - WIN Danny Beard
68%
UK 5 - WIN Ginger Johnson
68%
UK 3 - WIN Krystal Versace
68%
UK 6 - WIN Kyran Thrax
68%
FR 1 - 2ND | UKVTW 2 - 3RD La Grande Dame
68%
UK 1 - 3RD Baga Chipz
64%
UK 2 - 2ND Bimini Bon-Boulash
64%
TH 3 - 3RD Gawdland
64%
CA2 - WIN Icesis Couture
64%
AS 10 - 5TH Kerri Colby
64%
UK 3 - 3RD Kitty Scott-Claus
64%
UK 6 - 2ND La Voix
64%
AS 10 - 3RD Lydia B Kollins
64%
FR 2 - 3RD | FR AS 1 - WIN Mami Watta
64%
PH 1 - 2ND | UKVTW 2 - 3RD Marina Summers
64%
UKVTW 2 - WIN Tia Kofi
64%
AS 9 - 2ND Vanessa Vanjie Mateo
64%
UK 7 - WIN Bones
60%
ES AS 1 - WIN Drag Sethlas
60%
UK 3 - 2ND Ella Vaday
60%
DU 2 - 2ND | UKVTW 2 - 2ND Hannah Conda
60%
UKVTW 3 - 2ND Kate Butch
60%
FR 2 - WIN Keiona
60%
IT 2 - 2ND Nehellenia
60%
UK 2 - 2ND Tayce
60%
SLAY 1 - WIN Brigiding
56%
HO 1 - WIN Envy Peru
56%
SW 1 2ND Fontana
56%
DU 1 - WIN Kita Mean
56%
DU 4 - WIN Lazy Susan
56%
GER 1 - WIN Pandora Nox
56%
CA1 - 2ND Rita Baga
56%
CA 6 - 3RD Sami Landri
56%
FR 2 - 2ND Sara Forever
56%
CA 6 - WIN Van Goth
56%
SW 1 WIN Admira Thunderpussy
52%
MX 1 - WIN Cristian Peralta
52%
UK 1 - 2ND Divina de Campo
52%
IT1 - WIN Elecktra Bionic
52%
UK 2 - 4TH Ellie Diamond
52%
CA 3 - WIN Gisèle Lullaby
52%
DU 2 - 2ND Kween Kong
52%
UK 6 - 3RD Marmalade
52%
PH 3 - WIN Maxie
52%
UK 5 - 2ND Michael Marouli
52%
FR 1 - WIN Paloma
52%
DU 2 - WIN Spankie Jackzon
52%
CAN 5 - WIN The Virgo Queen
52%
CAN VTW - 4TH Victoria Scone
52%
PH 3 - 3RD Angel
48%
UK 4 - 2ND Cheddar Gorgeous
48%
FR 3 - WIN Le Filip
48%
PH 1 - WIN Precious Paula Nicole
48%
CA2 - 3RD Pythia
48%
UK 6 - 3RD Rileasa Slaves
48%
CA1 - 3RD Scarlett BoBo
48%
UK 7 - 3RD Silllexa Diction
48%
FR 1 - 2ND Soa de Muse
48%
HO 2 - WIN Vanessa Van Cartier
48%
SW 1 3RD Vanity Vain
48%
CA 4 - WIN Venus
48%
SLAY 1 - 2ND Viñas DeLuxe
48%
DU 1 - 2ND Art Simone
44%
UK 4 - 3RD Black Peppa
44%
PH 2 - WIN Captivating Katkat
44%
ES 1 - WIN Carmen Farala
44%
UK 7 - 3RD Catrin Feelings
44%
CAN VTW - 3RD Cheryl Hole
44%
CA 6 - 2ND Eboni La'Belle
44%
FR AS 1 - 2ND Elips
44%
MX 1 - 2ND Gala Varo
44%
ES 4 - WIN Le Cocó
44%
CAN 5 - 2ND Makayla Couture
44%
UKVTW 3 - 3RD Mariah Balenciaga
44%
BR 1 - R.UP Miranda Lebrão
44%
CA 4 - 3RD Nearah Nuff
44%
BR 1 - WIN Organzza
44%
FR AS 1 - 3RD Piche
44%
CA 6 - 3RD PM
44%
DU 1 -2ND Scarlet Adams
44%
UK 5 - 3RD Tomara Thomas
44%
TH 2 - WIN Angele Anang
40%
PH 2 - 2ND | SLAY 1 - 3RD Arizona Brandy
40%
BEL 1 - 2ND Athena Sorgelikis
40%
CA 4 - 2ND Aurora Matrix
40%
CA 4 - 3RD Denim
40%
UK 7 - 2ND Elle Vosque
40%
CA 3 - 2ND Jada Shada Hudson
40%
HO 1 - 2ND Janey Jacké
40%
UK 4 - 3RD Jonbers Blonde
40%
DU 1 - 2ND Karen From Finance
40%
CA2 - 2ND Kendall Gender
40%
CA 3 - 3RD Kimmy Couture
40%
IT 2 - WIN La Diamond
40%
CA 3 - 3RD Miss Fiercalicious
40%
FR AS 1 - 3RD Misty Phoenix
40%
FR 2 - 3RD Punani
40%
FR 3 - 2ND Ruby On The Nail
40%
ES 5 - WIN Satín Greco
40%
PH 2 - 3RD Bernie
36%
BEL 1 - WIN Drag Couenne
36%
DU 3 - 2ND Gabriella Labucci
36%
DU 3 - WIN Isis Avis Loren
36%
FR 3 - 3RD Leona Winter
36%
FR 3 - 3RD Lula Strega
36%
ES 3 - WIN Pitita
36%
BR 2 - WIN Ruby Nox
36%
SLAY 1 - 3RD Suki Doll
36%
PH 1 - 3RD Xilhouete
36%
BEL 2 - WIN Alvilda
32%
PH 1 - 3RD Eva Le Queen
32%
IT1 - 2ND Farida Kant
32%
CAN 5 - 3RD Helena Poison
32%
ES AS 1 - 3RD Juriji Der Klee
32%
PH 2 - 3RD M1ss Jade So
32%
MX 1 - 2ND Matraka
32%
GER 1 - R.UP Metamorkid
32%
CAN 5 - 3RD Minhi Wang
32%
HO 1 - 3RD Miss Abby OMG
32%
TH 1 - WIN Natalia Pliacam
32%
ES 1 - 3RD Sagittaria
32%
GER 1 - R.UP Yvonne Nightstand
32%
ES 4 - 3RD Chloe Vittu
28%
ES 2 - 2ND Estrella Xtravaganza
28%
DU 3 - 3RD Flor
28%
TH 3 - WIN Frankie Wonga
28%
PH 3 - 2ND Khianna
28%
ES 1 - 2ND Killer Queen
28%
IT 3 - WIN Lina Galore
28%
IT 3 - 2ND Melissa Bianchini
28%
BR 2 - 2ND Mellody Queen
28%
BR 2 - 3RD Poseidon Drag
28%
ES 4 - 2ND Vampirashian / La Bella Vampi
28%
ES 2 - 2ND Venedita Von Däsh
28%
HO 2 - 3RD Vivaldi
28%
DU 4 - 3RD Vybe
28%
MEX 2 - 2ND Eva Blunt
24%
BEL 2 - 3RD Gabanna
24%
MEX 2 - 2ND Horacio Potasio
24%
TH 2 - 3RD Kandy Zyanide
24%
ES 3 - 3RD Kelly Roller
24%
ES 5 - 3RD Laca Udilla
24%
BEL 2 - 2ND La Veuve
24%
MEX 2 - WIN Leexa Fox
24%
HO 1 - 3RD Ma'Ma Queen
24%
DU 4 - 2ND Mandy Moobs
24%
HO 2 - 2ND My Little Puny
24%
ES 5 - 3RD Nix
24%
MX 1 - 2ND Regina Voce
24%
ES AS 1 - 2ND Samantha Ballentines
24%
BEL 1 - 3ND Susan
24%
PH 3 - 3RD Tita Baby
24%
TH 3 - 2ND Zepee
24%
DU 4 - 3RD Freya Armani
20%
BR 1 - R.UP Hellena Malditta
20%
ES 3 - 3RD | ES AS 1 - 3RD Hornella Góngora
20%
TH 2 - 2ND Kana Warrior
20%
BEL 2 - 3RD Loulou Velvet
20%
ES 5 - 2ND Margarita Kalifata
20%
BR 2 - 3RD Melina Blley
20%
ES 3 - 2ND Vania Vainilla
20%
TH 1 - 2ND Année Maywong
16%
IT 2 - 2ND Aura Eternal
16%
BR 1 - R.UP Betina Polaroid
16%
TH 1 - 3RD Dearis Doll
16%
MEX 2 - 2ND Jenary Bloom
16%
IT 2 - 3RD La Petite Noire
16%
IT1 - 3RD Le Riche
16%
TH 3 - 3RD Spicy Sunshine
16%
IT 3 - 3RD La Sheeva
12%
IT 3 - 3RD Silvana Della Magliana
12%
No matching quizzes found
Score Distribution
Percent of People with Each Score
Percentile by Number Answered
Your Score History
You have not taken this quiz since the last reset